000 01056nam a2200337 i 4500
001 11176
003 KOSZ 005
005 20220325132530.0
008 080426s1962 pl a f 000 0 pol
015 _aPB 1962/2827
040 _aWA N
_cWA N
_dKOSZ 005/RW
_dKOSZ 005/HR
046 _k1962
080 _a626/627
080 _a629.55
080 _a656.62
100 1 _aKarwowski, Józef.
_eAutor
245 1 0 _aDrogi wodne :
_batlas /
_cJózef Karwowski.
260 _aWarszawa :
_bPaństwowe Wydawnictwo Naukowe,
_c1962.
300 _a211 s. :
_bil. ;
_c24 cm.
380 _aKsiążki
388 _a1901-2000
388 _a1945-1989
521 8 _aSkrypt dla studentów politechnik.
650 4 _aHydrotechnika
650 4 _aDrogi wodne śródlądowe
650 4 _aStatki rzeczne
658 _aInżynieria i technika
710 2 _aPaństwowe Wydawnictwo Naukowe
_4pbl.
856 _uhttp://koha.tu.koszalin.pl/cgi-bin/koha/opac-detail.pl?biblionumber=11176
_yKatalog online BPK
942 _2UKD
_cKS
999 _c11176
_d11176